[Event "Queens Festival Europe 2022"]
[Site "Tornelo"]
[Date "2022.06.19"]
[Round "11.9"]
[White "Ismayilova, Salbinaz"]
[Black "Pyun, Lindsay"]
[Result "1-0"]
[WhiteElo "1090"]
[BlackElo "1526"]
[Annotator "NA RC"]
[PlyCount "77"]
[EventDate "2022.06.19"]
[EventType "swiss"]
[EventCountry "NET"]
[SourceTitle "playchess.com"]
[Source "ChessBase"]
[SourceQuality "1"]

1. e4 e5 2. Nf3 Nc6 3. Bb5 Nf6 4. d3 Bc5 5. O-O d6 6. Nbd2 O-O 7. c3 a6 8. Ba4 Ne7 9. Re1 Ng6 10. Nf1 Bd7 11. Bc2 Re8 12. Ng3 Bb6 13. Be3 h6 14. Bxb6 cxb6 15. d4 exd4 16. cxd4 Bc6 17. d5 Bd7 18. h3 Ne5 19. Nxe5 Rxe5 20. Qf3 b5 21. a3 Rc8 22. Bd3 Qb6 23. Rac1 Ree8 24. Nf5 Bxf5 25. Qxf5 Rc5 26. Rxc5 Qxc5 27. Qf3 Qd4 28. Qe2 Nxd5 29. Qd2 Nf6 30. Kh1 Nxe4 31. Qc2 Nxf2+ 32. Kh2 Qf4+ 33. g3 Ng4+ 34. hxg4 Qe5 35. Rxe5 dxe5 36. Qe2 g6 37. Qe4 Kg7 38. Qxb7 Rd8 39. Qe4 1-0

[Event "Queens Festival Europe 2022"]
[Site "Tornelo"]
[Date "2022.06.19"]
[Round "11.10"]
[White "Rashidova, Nargiz"]
[Black "Kusova, Nikola"]
[Result "0-1"]
[WhiteElo "1341"]
[BlackElo "1250"]
[Annotator "NA RC"]
[PlyCount "66"]
[EventDate "2022.06.19"]
[EventType "swiss"]
[EventCountry "NET"]
[SourceTitle "playchess.com"]
[Source "ChessBase"]
[SourceQuality "1"]

1. d4 d5 2. Nf3 Nf6 3. Bf4 Bf5 4. e3 e6 5. Nbd2 c5 6. c3 Nc6 7. Ne5 Nxe5 8. Bxe5 cxd4 9. exd4 Be7 10. Bb5+ Nd7 11. Qa4 f6 12. Bg3 a6 13. Bxd7+ Qxd7 14. Qxd7+ Kxd7 15. O-O Rhd8 16. Nb3 Ke8 17. Na5 b6 18. Nc6 Rdc8 19. Nxe7 Kxe7 20. Rfe1 Kf7 21. a4 b5 22. Bd6 Kg8 23. Ra3 Rc6 24. Bc5 bxa4 25. Rxa4 Re8 26. Rea1 e5 27. Rxa6 Rxa6 28. Rxa6 exd4 29. g4 Re1+ 30. Kg2 Be4+ 31. f3 Re2+ 32. Kg3 d3 33. Ra1 d2 0-1

[Event "Queens Festival Europe 2022"]
[Site "Tornelo"]
[Date "2022.06.19"]
[Round "11.13"]
[White "McCormick, Polly"]
[Black "Ostafiev, Cristina"]
[Result "0-1"]
[WhiteElo "1222"]
[BlackElo "1173"]
[Annotator "NA RC"]
[PlyCount "92"]
[EventDate "2022.06.19"]
[EventType "swiss"]
[EventCountry "NET"]
[SourceTitle "playchess.com"]
[Source "ChessBase"]
[SourceQuality "1"]

1. e4 e5 2. Nf3 Nc6 3. Bb5 Bc5 4. O-O a6 5. Ba4 Qf6 6. Re1 Nd4 7. Nxd4 Bxd4 8. Qf3 Qg6 9. Bb3 Nf6 10. c3 Bc5 11. d4 exd4 12. cxd4 Bxd4 13. e5 Ng4 14. Bxf7+ Qxf7 15. Qxf7+ Kxf7 16. Re4 Bxf2+ 17. Kf1 d5 18. Rf4+ Kg6 19. Rxf2 Nxf2 20. Kxf2 Rf8+ 21. Kg1 Bg4 22. Nc3 Rf5 23. g3 Raf8 24. Bf4 d4 25. Nd5 Kh5 26. Ne7 R5f7 27. Nd5 g5 28. Nf6+ Rxf6 29. exf6 gxf4 30. gxf4 Rxf6 31. Rf1 d3 32. Rd1 Bxd1 33. Kf2 Rg6 34. Ke3 Bc2 35. Kd2 Rg2+ 36. Ke1 Rxh2 37. Kf1 Kg4 38. f5 Kxf5 39. b3 Kf4 40. b4 Kf3 41. Kg1 Rd2 42. a3 Rd1+ 43. Kh2 d2 44. b5 Rh1+ 45. Kxh1 Kg3 46. Kg1 d1=Q# 0-1

[Event "Queens Festival Europe 2022"]
[Site "Tornelo"]
[Date "2022.06.19"]
[Round "11.18"]
[White "Patel, Diah Dipal"]
[Black "Echimescu, Otilia-Elena"]
[Result "1-0"]
[WhiteElo "1313"]
[BlackElo "1314"]
[Annotator "NA RC"]
[PlyCount "61"]
[EventDate "2022.06.19"]
[EventType "swiss"]
[EventCountry "NET"]
[SourceTitle "playchess.com"]
[Source "ChessBase"]
[SourceQuality "1"]

1. e4 d6 2. d4 Nf6 3. Nc3 g6 4. Nf3 Bg7 5. Bf4 O-O 6. Bc4 c6 7. Qd2 Nbd7 8. Bh6 e5 9. dxe5 dxe5 10. Bxg7 Kxg7 11. O-O-O b5 12. Bb3 Bb7 13. h4 Nc5 14. Qg5 Qc8 15. h5 Qg4 16. Qxe5 Ncxe4 17. hxg6 Qxg6 18. Rh3 Nxf2 19. Ng5 Nxh3 20. gxh3 Rae8 21. Qd4 Qxg5+ 22. Kb1 Qg6 23. Rg1 Re1+ 24. Rxe1 Qf5 25. Rg1+ Kh8 26. Bxf7 Rc8 27. Ne4 c5 28. Qxf6+ Qxf6 29. Nxf6 Rf8 30. Be6 Bc8 31. Bd5 1-0